|
|
|
|
| LEADER |
00000nab a2200000 a 4500 |
| 001 |
vtls000514593 |
| 003 |
SK-MaSNL |
| 005 |
20260305044226.0 |
| 008 |
250425c1994 xo 0 slo |
| 015 |
|
|
|a SNBRB19rr/mm-uuuuu
|
| 035 |
|
|
|a CL0514731
|
| 035 |
|
|
|a urn:nbn:sk:snk-abbobp
|
| 035 |
|
|
|a (urnnbn)urn:nbn:sk:snk:ar-002r4q
|
| 035 |
|
|
|a (uuid)d3f6f9ea-3201-4dc2-9d12-c5ff438cef06
|
| 040 |
|
|
|a SNKBUCL
|b slo
|c SNKBUCL
|e AACR2
|
| 041 |
0 |
|
|a slo
|
| 044 |
|
|
|a xo
|c SK
|
| 080 |
|
|
|a 801.31:808.1-54
|2 1981
|
| 080 |
|
|
|a 808.1-54
|2 1981
|
| 080 |
|
|
|a 808.1-31
|2 1981
|
| 080 |
|
|
|a 801.54
|2 1981
|
| 100 |
1 |
|
|a Palkovič, Konštantín,
|d 1919-2008
|4 aut
|9 11233
|
| 245 |
1 |
0 |
|a Etymologický pokus Gustáva M. Reussa
|c Konštantín Palkovič
|
| 300 |
|
|
|b Lit. 2 zázn. v slov.
|
| 650 |
0 |
7 |
|a slovanské jazyky
|2 snkbucl
|9 1338
|
| 650 |
0 |
7 |
|a lexikológia
|2 snkbucl
|9 866
|
| 650 |
0 |
7 |
|a etymológia
|2 snkbucl
|9 16982
|
| 655 |
|
7 |
|a články z novín a časopisov
|2 snkbucl
|9 267496
|
| 655 |
|
7 |
|a články z odboru slavistika
|2 snkbucl
|9 150819
|
| 700 |
1 |
|
|a Reuss, Gustáv,
|d 1818-1861
|4 aut
|9 118345
|
| 773 |
0 |
|
|t Slovenská reč
|g Roč. 59, č. 2 (1994), s. 94-97
|
| 850 |
|
|
|a Slovenská národná knižnica
|
| 852 |
|
|
|a Slovenská národná knižnica
|
| 954 |
|
|
|a odborná, vedecká literatúra pôvodná (slovenská)
|2 lita
|
| 958 |
|
|
|a article15
|
| 958 |
|
|
|a RK
|
| 958 |
|
|
|a SS
|
| 958 |
|
|
|a OND
|
| 958 |
|
|
|a EUIPO
|
| 992 |
|
|
|a RBX
|
| 999 |
|
|
|c 3357272
|d 3359202
|